| 000 | | | 03699nmc2a22002413x 450 |
| 001 | | | 5517c74f-e0ad-4807-85fd-a3a3ea9d0d8d |
| 005 | | | 20201008064530.0 |
| 100 | ## | $a | 20200310l18931893k l0rusy0189 ca |
| 101 | 0# | $a | rus |
| 102 | ## | $a | RU |
| 105 | ## | $a | y### |
| 122 | 2# | $a | d |
| 200 | 1# | $a | Дело об утверждении на службе артистов и других лиц, служащих при императорских театрах |
| | $j | 17 марта - 17 ноября 1893 г. |
| 215 | ## | $a | 53 л. |
| | $d | 36,5х26 см |
| 251 | ## | $c | Дело |
| 300 | ## | $a | На бланке обложки указано: "Дело Санкт-Петербургской конторы императорских театров" |
| 371 | ## | $a | Документ не является опубликованным и широко распространяемым |
| 461 | #0 | $1 | 0019264ebf8-de62-4f1a-9eb4-9f22098dbbd5 |
| | $1 | 2001 |
| | $a | Дирекция императорских театров МИДв |
| | $1 | 251 |
| | $c | Фонд |
| | $1 | 852 |
| | $j | 497 |
| 462 | #0 | $1 | 0016d2858c7-947f-46a8-934e-c3d97596ebca |
| | $1 | 2001 |
| | $a | Дирекция императорских театров (1879-1918 гг.) |
| | $1 | 251 |
| | $c | Опись |
| | $1 | 852 |
| | $j | 6 |
| 801 | #0 | $a | RU |
| | $b | РГИА |
| | $c | 20200310 |
| | $g | RCR |
| 801 | #1 | $a | RU |
| | $b | ГлавНИВЦ |
| | $c | 20200310 |
| | $2 | rusmarc |
| 801 | #2 | $a | RU |
| | $b | ПБ им. Б.Н. Ельцина |
| | $c | 20201008 |
| | $g | RCR |
| | $2 | rusmarc |
| 850 | ## | $a | РГИА |
| 852 | ## | $a | РГИА |
| | $e | Федеральное казенное учреждение "Российский государственный исторический архив" (РГИА) |
| | $j | 4229 |
| 937 | ## | $h | РГИА |
| | $d | 12339215 |
| | $a | ASBIBLIO_SCAN |
| 035 | ## | $a | RusGRCC00001703 |
| 856 | ## | $u | http://readingroom.main.prlib.ru/item.aspx?id_node=n147819589&mode=full |